000 01330cam a2200337 a 4500
001 EDZ0000064194
003 StDuBDS
005 20161031105213.0
006 m||||||||d||||||||
007 cr |||||||||||
008 120327s2001 enk fo| 001|0|eng d
020 _a9781446219294 (ebook) :
_cNo price
040 _aStDuBDS
_beng
_cStDuBDS
_epn
049 _aAlfaisal Main Library
050 0 _aHV41
_b.P643 2001
082 0 4 _a361.3
_223
100 1 _aPowell, Frederick W.
245 1 4 _aThe politics of social work
_h[electronic resource] /
_cFred Powell.
260 _aLondon :
_bSAGE,
_cc2001.
300 _a1 online resource (186 p.)
504 _aIncludes bibliographical references and index.
520 8 _aThis text analyses the choices facing social work in post-modern society. It explores contemporary and historical paradigms of social work from its Victorian origins, multiculturalism feminism and anti-oppressive practice.
521 _aSpecialized.
588 _aDescription based on print version record.
650 0 _aSocial service
_xPolitical aspects.
655 7 _aElectronic books.
_2local
710 2 _aSage eBooks
776 0 8 _iPrint version :
_z9780761964124
856 4 0 _uhttp://ezproxy.alfaisal.edu/login?url=http://sk.sagepub.com/books/the-politics-of-social-work
942 _2lcc
_cEBOOKS
999 _c481625
_d481625